ბათუმის შოთა რუსთაველის სახელმწიფო უნივერსიტეტის ბიბლიოთეკა

Marketing For Hospitality and Tourism / (ბიბ.ჩანაწერი № 45380)

000 -LEADER
fixed length control field 00984nam a2200265Ia 4500
001 - CONTROL NUMBER
control field 12204
003 - CONTROL NUMBER IDENTIFIER
control field GE_BSU
005 - DATE AND TIME OF LATEST TRANSACTION
control field 20211130124556.0
008 - FIXED-LENGTH DATA ELEMENTS--GENERAL INFORMATION
fixed length control field 181216s2014||||enk|||||||||||||| ||eng||
020 ## - INTERNATIONAL STANDARD BOOK NUMBER
International Standard Book Number 9780132784023
040 ## - CATALOGING SOURCE
Transcribing agency GE_BSU
041 ## - LANGUAGE CODE
Language code of text/sound track or separate title eng
080 ## - UNIVERSAL DECIMAL CLASSIFICATION NUMBER
Universal Decimal Classification number 338.48 K-77
100 ## - MAIN ENTRY--PERSONAL NAME
Personal name Kotler, Philip
9 (RLIN) 13099
245 ## - TITLE STATEMENT
Title Marketing For Hospitality and Tourism /
Statement of responsibility, etc. Kotler, Philip T.; Bowen, John T.; Makens Ph.D., James.
250 ## - EDITION STATEMENT
Edition statement Sixth Edition.
264 ## - PRODUCTION, PUBLICATION, DISTRIBUTION, MANUFACTURE, AND COPYRIGHT NOTICE
Place of production, publication, distribution, manufacture Boston:
Name of producer, publisher, distributor, manufacturer Pearson,
Date of production, publication, distribution, manufacture, or copyright notice 2014.
300 ## - PHYSICAL DESCRIPTION
Extent 682 p.;
Other physical details ill.,
Dimensions 28 cm.
653 ## - INDEX TERM--UNCONTROLLED
keyword Marketing For Hospitality and Tourism.
653 ## - INDEX TERM--UNCONTROLLED
keyword მარკეტინგი სტუმართმოყვარეობისა და ტურიზმისთვის
653 ## - INDEX TERM--UNCONTROLLED
keyword Маркетинг в сфере гостеприимства и туризма
700 ## - ADDED ENTRY--PERSONAL NAME
Personal name Bowen, John T.
Relator term ავტორი
9 (RLIN) 13100
700 ## - ADDED ENTRY--PERSONAL NAME
Personal name James, Makens Ph.D
Relator term ავტორი
9 (RLIN) 13101
942 ## - ADDED ENTRY ELEMENTS (KOHA)
Koha item type წიგნი
Source of classification or shelving scheme
ეგზემპლარები
Withdrawn status Lost status Source of classification or shelving scheme Damaged status Not for loan Permanent Location Current Location Shelving location Date acquired Cost, normal purchase price Full call number Barcode Date last seen Copy number Price effective from Koha item type Public note
          ბათუმის შოთა რუსთაველის სახელმწიფო უნივერსიტეტის მთავარი ბიბლიოთეკა ბათუმის შოთა რუსთაველის სახელმწიფო უნივერსიტეტის მთავარი ბიბლიოთეკა წიგნსაცავი 2018-12-17 258.00 338.48 K-77 35987 2018-12-17 35987 2018-12-17 წიგნი 258 ლ.